Tâm lí học xã hội
Bewaard in:
| Hoofdauteur: | |
|---|---|
| Formaat: | Boek |
| Taal: | Undetermined |
| Gepubliceerd in: |
Hà Nội
Nxb. Đại học Sư phạm
2014
|
| Onderwerpen: | |
| Tags: |
Voeg label toe
Geen labels, Wees de eerste die dit record labelt!
|
| Thư viện lưu trữ: | Trung tâm Học liệu Trường Đại học Cần Thơ |
|---|
| LEADER | 00577nam a2200193Ia 4500 | ||
|---|---|---|---|
| 001 | CTU_202394 | ||
| 008 | 210402s9999 xx 000 0 und d | ||
| 020 | |c 42000 | ||
| 082 | |a 302 | ||
| 082 | |b T550 | ||
| 100 | |a Phạm, Văn Tư | ||
| 245 | 0 | |a Tâm lí học xã hội | |
| 245 | 0 | |c Phạm Văn Tư (Chủ biên) ... [et al.] | |
| 260 | |a Hà Nội | ||
| 260 | |b Nxb. Đại học Sư phạm | ||
| 260 | |c 2014 | ||
| 650 | |a Social psychology,Tâm lí xã hội học | ||
| 904 | |i Tuyến | ||
| 980 | |a Trung tâm Học liệu Trường Đại học Cần Thơ | ||